000 00611cam a2200217 a 4500
001 000009556
005 20200929161625.0
008 960131s1995 ag 001 f spa
020 _a9505112041
040 _aDO-SdBNP
_bspa
_cLC
_dBNPHU
082 _aA863.44
_bG982v
100 1 _aGusmán, Luis,
_d1944-
_923025
245 1 0 _aVilla /
_cLuis Gusmán.
260 _aBuenos Aires :
_bAlfaguara,
_c1995.
300 _a228 p. ;
_c22 cm.
650 4 _aNovela argentina
_93941
650 4 _aLiteratura argentina
_93860
650 4 _aMédicos
_xNovela
_924390
910 _aCatalogación por copia / LC
049 _aBNGR
999 _c9316
_d9316